| 000 | 00850nas a2200265 4500 | ||
|---|---|---|---|
| 001 | BR2010004319 | ||
| 003 | BR-BrBNA | ||
| 005 | 20231205114718.0 | ||
| 007 | ta | ||
| 008 | 230509b bl.|||p| |||| 00| 00por d | ||
| 040 |
_aBR-BrBNA _bpor _cBiblioteca Nacional de Agricultura |
||
| 041 | _a(Pt) | ||
| 072 | _aK10 | ||
| 100 | 1 | _aHess, A.F. | |
| 100 | 1 | _aSchneider, P.R. | |
| 245 | 1 | _aCrescimento em volume de Araucaria angustifolia (Bertol.)Kuntze em três regiões do Rio Grande do Sul, Brasil | |
| 650 | _aPESQUISA FLORESTAL | ||
| 650 | _aCONDIÇÃO AMBIENTAL | ||
| 650 | _aCRESCIMENTO | ||
| 650 | _aARAUCÁRIA ANGUSTIFOLIA | ||
| 650 | _aPINHEIRO-DO-PARANÁ | ||
| 773 | 0 |
_tCiência Florestal (Brazil) _xISSN 0103-9954 _g(Mar 2010), v. 20(1) p. 107-122 _wBR2010004319 |
|
| 909 |
_a202311 _bLúcia _c55 _dLúcia Elande |
||
| 942 |
_2AGRIS _n0 _cANA |
||
| 999 |
_c210099 _d210099 |
||